Between the Testaments. (Record no. 2487)

000 -LEADER
fixed length control field 00680nam a2200217 a 4500
001 - CONTROL NUMBER
control field :::00000212$&:&@@
003 - CONTROL NUMBER IDENTIFIER
control field OkBaRHE
005 - DATE AND TIME OF LATEST TRANSACTION
control field 20000607103237.0
008 - FIXED-LENGTH DATA ELEMENTS--GENERAL INFORMATION
fixed length control field s1987 j 000 0 eng u
040 ## - CATALOGING SOURCE
Transcribing agency
100 1# - MAIN ENTRY--PERSONAL NAME
Personal name Russell, D. S. (David Syme).
245 10 - TITLE STATEMENT
Title Between the Testaments.
260 ## - PUBLICATION, DISTRIBUTION, ETC. (IMPRINT)
Place of publication, distribution, etc Philadelphia, PA., :
Name of publisher, distributor, etc Fortress Press
Date of publication, distribution, etc 1987
300 ## - PHYSICAL DESCRIPTION
Extent 176 p. ;
Dimensions 19 cm.
650 ## - SUBJECT ADDED ENTRY--TOPICAL TERM
Topical term or geographic name as entry element Apocalyptic Literature
650 ## - SUBJECT ADDED ENTRY--TOPICAL TERM
Topical term or geographic name as entry element Intertestamental History
650 ## - SUBJECT ADDED ENTRY--TOPICAL TERM
Topical term or geographic name as entry element Jews
General subdivision History
-- 586 B.C.-70 A.D
650 ## - SUBJECT ADDED ENTRY--TOPICAL TERM
Topical term or geographic name as entry element Jews
General subdivision History
-- Post Exilic Period
942 ## - ADDED ENTRY ELEMENTS (KOHA)
Source of classification or shelving scheme
Koha item type Books
Copies
Current Location Copy number Source of classification or shelving scheme Koha item type Price effective from Not for loan Damaged status Barcode Full call number Shelving location Date last seen Permanent Location Date acquired Withdrawn status Lost status
RHEMA Bible Training College1 Books2010-04-14  212BM 176 .R8General Stacks2018-01-10RHEMA Bible Training College2010-04-14